L'espace d'un cillement / (Record no. 17489)
[ view plain ]
| 000 -CABECERA | |
|---|---|
| campo de control de longitud fija | 00772cam a2200241 a 4500 |
| 001 - NÚMERO DE CONTROL | |
| campo de control | 000017965 |
| 005 - FECHA Y HORA DE LA ÚLTIMA TRANSACCIÓN | |
| campo de control | 20200929165310.0 |
| 008 - DATOS DE LONGITUD FIJA--INFORMACIÓN GENERAL | |
| campo de control de longitud fija | 900906s1996 ht 000 f fre d |
| 020 ## - NÚMERO INTERNACIONAL ESTÁNDAR DEL LIBRO | |
| Número Internacional Estándar del Libro | 2070250172 |
| 040 ## - FUENTE DE LA CATALOGACIÓN | |
| Centro catalogador/agencia de origen | DO-SdBNP |
| Lengua de catalogación | fre |
| Centro/agencia transcriptor | LC |
| Centro/agencia modificador | BNPHU |
| 082 ## - NÚMERO DE LA CLASIFICACIÓN DECIMAL DEWEY | |
| Número de clasificación | 843.914 |
| Número de documento/Ítem | A384e |
| 049 ## - FONDOS LOCALES (OCLC) | |
| Fondos de biblioteca | BNGR |
| 100 1# - ENTRADA PRINCIPAL--NOMBRE DE PERSONA | |
| Nombre de persona | Alexis, Jacques Stephen, |
| Fechas asociadas al nombre | 1922-1961. |
| 9 (RLIN) | 27794 |
| 245 12 - MENCIÓN DE TÍTULO | |
| Título | L'espace d'un cillement / |
| Mención de responsabilidad, etc. | Jacques Stephen Alexis ; prólogo Florence Alexis. |
| 260 ## - PUBLICACIÓN, DISTRIBUCIÓN, ETC. | |
| Lugar de publicación, distribución, etc. | [Port-au-Prince] : |
| Nombre del editor, distribuidor, etc. | Gallimard, |
| Fecha de publicación, distribución, etc. | 1996, |
| -- | 1959. |
| 300 ## - DESCRIPCIÓN FÍSICA | |
| Extensión | 346 p. ; |
| Dimensiones | 19 cm. |
| 490 1# - MENCIÓN DE SERIE | |
| Mención de serie | L'imaginaire, |
| Designación de volumen o secuencia | 114 |
| 650 #4 - PUNTO DE ACCESO ADICIONAL DE MATERIA--TÉRMINO DE MATERIA | |
| Término de materia o nombre geográfico como elemento de entrada | Novela haitiana |
| 9 (RLIN) | 3196 |
| 650 #4 - PUNTO DE ACCESO ADICIONAL DE MATERIA--TÉRMINO DE MATERIA | |
| Término de materia o nombre geográfico como elemento de entrada | Literatura haitiana |
| 9 (RLIN) | 3197 |
| 700 1# - PUNTO DE ACCESO ADICIONAL--NOMBRE DE PERSONA | |
| Nombre de persona | Alexis, Florence, |
| Término indicativo de función/relación | pról. |
| 9 (RLIN) | 38950 |
| 830 #0 - PUNTO DE ACCESO ADICIONAL DE SERIE-TÍTULO UNIFORME | |
| Título uniforme | L'imaginaire, |
| Designación de volumen o secuencia | 114 |
| 9 (RLIN) | 38951 |
| 910 ## - DATOS DE OPCIÓN DEL USUARIO (OCLC) | |
| Datos de opción del usuario | Catalogación derivada |
| Estado de retiro | Estado de pérdida | Restricciones de uso | No para préstamo | Código de colección | Localización permanente | Ubicación/localización actual | Ubicación en estantería | Fecha de adquisición | Número de inventario | Total de préstamos | Signatura topográfica completa | Código de barras | Fecha visto por última vez | Precio válido a partir de | Tipo de ítem Koha | Número de copia |
|---|---|---|---|---|---|---|---|---|---|---|---|---|---|---|---|---|
| Préstamo interno | Monografías: Libros y Folletos | General | General | En catalogación | 07.04.2010 | LF1 | 843.914 A384e | 17965-10 | 25.06.2020 | 25.06.2020 | Préstamo interno | |||||
| Préstamo interno | Préstamo restrigido | Monografías: Libros y Folletos | General | General | En catalogación | 07.04.2010 | LF1 | 843.914 A384e | 17965-20 | 25.06.2020 | 25.06.2020 | Préstamo interno | e.2 | |||
| Préstamo interno | Monografías: Libros y Folletos | General | General | En catalogación | 07.04.2010 | LF1 | 843.914 A384e | 17965-30 | 25.06.2020 | 25.06.2020 | Préstamo interno | e.3 |
